Методы описания блок-схем надежности систем; Молодежь и современные информационные технологии

Detalles Bibliográficos
Parent link:Молодежь и современные информационные технологии.— 2013.— [С. 56-58]
Autor principal: Динь Ван Тай
Otros Autores: Нгуен Ань Ту
Sumario:Заглавие с титульного экрана
Lenguaje:ruso
Publicado: 2013
Colección:Математическое моделирование и компьютерный анализ данных
Materias:
Acceso en línea:http://earchive.tpu.ru/handle/11683/70320
http://www.lib.tpu.ru/fulltext/c/2013/C04/020.pdf
Formato: MixedMaterials Electrónico Capítulo de libro
KOHA link:https://koha.lib.tpu.ru/cgi-bin/koha/opac-detail.pl?biblionumber=603658

MARC

LEADER 00000naa2a2200000 4500
001 603658
005 20260204112041.0
035 |a (RuTPU)RU\TPU\conf\854 
035 |a RU\TPU\conf\845 
090 |a 603658 
100 |a 20140130d2013 k y0rusy50 ca 
101 0 |a rus 
102 |a RU 
135 |a drnn ---uucaa 
181 0 |a i  
182 0 |a b 
200 1 |a Методы описания блок-схем надежности систем  |f Динь Ван Тай, Нгуен Ань Ту 
203 |a Текст  |c электронный 
225 1 |a Математическое моделирование и компьютерный анализ данных 
300 |a Заглавие с титульного экрана 
320 |a [Библиогр.: с. 58 (2 назв.)] 
337 |a Adobe Reader 
463 1 |0 (RuTPU)RU\TPU\conf\515  |t Молодежь и современные информационные технологии  |o сборник трудов XI Международной научно-практической конференции студентов, аспирантов и молодых ученых, г. Томск, 13-16 ноября 2013 г.  |f Национальный исследовательский Томский политехнический университет (ТПУ) ; под ред. Е. А. Сикоры и др.  |v [С. 56-58]  |d 2013 
610 1 |a труды учёных ТПУ 
610 1 |a электронный ресурс 
610 1 |a блок-схемы 
610 1 |a надежные системы 
610 1 |a конструктивные схемы 
610 1 |a технические системы 
700 0 |a Динь Ван Тай 
701 0 |a Нгуен Ань Ту  |c специалист в области информатики и вычислительной техники  |c инженер-исследователь Томского политехнического университета  |f 1989-  |3 (RuTPU)RU\TPU\pers\44801 
801 2 |a RU  |b 63413507  |c 20220328  |g RCR 
856 4 |u http://earchive.tpu.ru/handle/11683/70320 
856 4 |u http://www.lib.tpu.ru/fulltext/c/2013/C04/020.pdf 
942 |c CF